A Crown for Assassins (A Throne for Sisters-Book Seven)
Saved in:
| Main Author | |
|---|---|
| Format | Electronic eBook |
| Language | Czech |
| Published |
Lukeman Literary
2018
|
| Edition | 1. elektronické vydání |
| Subjects | |
| Online Access | Dostupné v BOOKPORT po přihlášení pomocí eduID |
| ISBN | 9781640294547 9781640294540 |
| Physical Description | 1 online zdroj (250 stran) |
Cover
| LEADER | 00000nam a2200000 i 4500 | ||
|---|---|---|---|
| 001 | bkp768006284 | ||
| 003 | CZ-prgp | ||
| 005 | 20210922094351.0 | ||
| 006 | m o d | ||
| 007 | cr cn | ||
| 008 | 210922s2018 xr o 000 1 cze | ||
| 020 | |a 9781640294547 |c 130 Kč |q (online ; epub) | ||
| 020 | |a 9781640294540 |c 130 Kč |q (print) | ||
| 040 | |a Grada |b cze |e rda | ||
| 100 | 1 | |a Morgan, Rice | |
| 245 | 1 | 0 | |a A Crown for Assassins (A Throne for Sisters-Book Seven) |c Rice Morgan |
| 250 | |a 1. elektronické vydání | ||
| 264 | 1 | |b Lukeman Literary |c 2018 | |
| 300 | |a 1 online zdroj (250 stran) | ||
| 336 | |a text |b txt |2 rdacontent | ||
| 337 | |a počítač |b c |2 rdamedia | ||
| 338 | |a online zdroj |b cr |2 rdacarrier | ||
| 520 | 3 | |a "Morgan Rice's imagination is limitless. In another series that promises to be as entertaining as the previous ones, A THRONE OF SISTERS presents us with the tale of two sisters (Sophia and Kate), orphans, fighting to survive in a cruel and demanding world of an orphanage. An instant success. I can hardly wait to put my hands on the second and third books!" --Books and Movie Reviews (Roberto Mattos) The new #1 Bestselling epic fantasy series by Morgan Rice! In A CROWN FOR ASSASSINS (A Throne for Sisters-Book Seven), Sophia, Kate and Lucas finally get the chance to journey in search of their long-lost parents. Will they find them? Are they alive? And what message do they hold for them? Their journey demands a price, though. Ashton is left without a ruler, and the Master of Crows still lies in wait, ready to strike. As the fate of the realm lies in the balance, help may come from the most unlikely place of all: Stonehome. A CROWN FOR ASSASSINS (A Throne for Sisters-Book Seven) is book #7 in a dazzling new fantasy series rife with love, heartbreak, tragedy, action, adventure, magic, swords, sorcery, dragons, fate and heart-pounding suspense. A page turner, it is filled with characters that will make you fall in love, and a world you will never forget. Book #8 in the series will be released soon. "[A Throne for Sisters is a] powerful opener to a series [that] will produce a combination of feisty protagonists and challenging circumstances to thoroughly involve not just young adults, but adult fantasy fans who seek epic stories fueled by powerful friendships and adversaries." --Midwest Book Review (Diane Donovan) | |
| 650 | 0 | 4 | |a Young Adult, New Adult |
| 856 | 4 | 0 | |u https://www.bookport.cz/AccountSaml/SignIn/?idp=https://shibboleth.utb.cz/idp/shibboleth&returnUrl=/kniha/a-crown-for-assassins-a-throne-for-sisters-book-seven-9963/ |y Dostupné v BOOKPORT po přihlášení pomocí eduID |